00576nam a2200157 a 4500008004100000020001500041050001800056100002000074245011800094246003900212260003700251300001600288350000900304650003900313650006600352090324s2004 ||||||||||||||||| || u a1903996651 aT 55.3.H3 Mar aMartel, Bernard10aChemical risk analysis: a practical handbookcby Bernard Martel, translated from the French by Olivia Uttenweiler aGuide d'analyse du risque chimique aLondonbKogan Page Sciencec2004 a528p.: ill. a0.00 0aCHEMISTRY--HANDBOOKS, MANUALS, ETC aHAZARDOUS SUBSTANCES--RISK ASSESSMENT--HANBOOKS, MANUALS, ETC